000 01045nam a2200301 a 4500
001 1594755
003 ARRUPE
005 20161206103224.0
008 930527s1992 rh a b 000 0 eng
010 _a 93980004
020 _a090831171O
040 _aDLC
_cDLC
043 _af-rh---
050 0 0 _aNB1209.Z55S84 1992
082 0 0 _a730/.96891
_220
100 1 _aSultan, Olivier,
_d1964-
_927815
245 1 0 _aLife in Stone :
_bZimbabwean sculpture : birth of a contemporary art form /
_cOlivier Sultan ; with photographs by Peter Fernandes.
250 _arev ed.
260 _aHarare :
_bBaobab Books,
_c1994
300 _a86 p.;
_bill. ;
_c27 cm.
650 0 _aSculpture, Black
_zZimbabwe.
_927816
650 0 _aSculpture, Shona.
_927817
650 0 _aStone carving
_zZimbabwe.
_927818
700 1 _aFernandes, Peter.
_927819
906 _a7
_bcbc
_corignew
_d3
_encip
_f19
_gy-gencatlg
942 _2lcc
_cMONOGRAPH
999 _c125836
_d125836